LEADER 01026nam a2200277 i 4500 001 991001972839707536 008 061121s2005 xxk b 101 0 eng d 020 $a0199277621 (hbk.) 020 $a019927763X (pbk.) 035 $ab13456325-39ule_inst 040 $aDip.to Studi Giuridici$bita 082 0 $a305.80 245 00$aMulticulturalism in Asia /$cedited by Will Kymlicka and Baogang He 260 $aOxford [etc.] :$bOxford University Press,$c2005 300 $axi, 364 p. ;$c24 cm. 500 $aAtti del Convegno tenuto a Singapore nel 2003 504 $aBibliografia: 314-339 650 04$aMulticulturalismo$zAsia$vCongressi 700 1 $aKymlicka, Will 700 1 $aHe, Baogang,$d1957- 907 $a.b13456325$b22-11-06$c22-11-06 912 $a991001972839707536 945 $aLE027 305.80 KYM01.01$g1$i2027000124930$lle027$op$pE81.00$q-$rl$s- $t0$u2$v1$w2$x0$y.i1432295x$z22-11-06 996 $aMulticulturalism in Asia$91099203 997 $aUNISALENTO 998 $ale027$b22-11-06$cm$da $e-$feng$gxxk$h0$i0 LEADER 01059nam0-2200325 --450 001 9910732900703321 005 20230712155633.0 010 $a978-88-428-2255-4 020 $aIT$b2016-9315 100 $a20230712d2016----kmuy0itay5050 ba 101 1 $aita 102 $aIT 105 $a 001yy 200 1 $aAlbum$einediti, lettere e altri scritti$fRoland Barthes$gedizione stabilita e presentata da Éric Marty$gcon la collaborazione di Claude Coste per Su sette frasi di Bouvard e Pécuchet$gtraduzione di Deborah Borca 210 $aMilano$cIl saggiatore$d2016 215 $a489 p., LXIV, [4] carte di tav.$cill.$d22 cm 225 1 $a<>cultura$v1028 610 0 $aBarthes, Roland$aPensiero 676 $a410.92$v23 700 1$aBarthes,$bRoland$036036 702 1$aCoste,$bClaude 702 1$aMarty,$bÉric 702 1$aBorca,$bDeborah 801 0$aIT$bUNINA$gREICAT$2UNIMARC 901 $aBK 912 $a9910732900703321 952 $a844.9 BAR 2$b2023/944$fFLFBC 959 $aFLFBC 996 $aAlbum$93394288 997 $aUNINA